Sports Quiz

Random Sports or NFL Quiz

NFL Yearly Leaders Since 2000 Quiz Stats

Quiz Updated Jan 6, 2018

Challenge
Share
Tweet
Embed
Score 0/159 Timer 10:00
9 Plays Today
Year Answer % Correct
2017Tom Brady
99.3%
2000Peyton Manning
98.4%
2000Peyton Manning
98.4%
2003Peyton Manning
98.4%
2004Peyton Manning
98.4%
2006Peyton Manning
98.4%
2013Peyton Manning
98.4%
2013Peyton Manning
98.4%
2015Tom Brady
97.9%
2002Tom Brady
97.7%
2005Tom Brady
97.7%
2007Tom Brady
97.7%
2007Tom Brady
97.7%
2010Tom Brady
97.7%
2006Drew Brees
97.4%
2008Drew Brees
97.4%
2008Drew Brees
97.4%
2009Drew Brees
97.4%
2011Drew Brees
97.4%
2011Drew Brees
97.4%
2012Drew Brees
97.4%
2012Drew Brees
97.4%
2014Drew Brees
97.3%
2015Drew Brees
97.2%
2016Drew Brees
96.3%
2016Aaron Rodgers
95.3%
2008Adrian Peterson
95.3%
2009Adrian Peterson
95.3%
2012Adrian Peterson
95.3%
2017Russell Wilson
95.3%
2008Calvin Johnson\Larry Fitzgerald
95.2%
2011Calvin Johnson
95%
2012Calvin Johnson
95%
2008Andre Johnson
94.8%
2009Andre Johnson
94.8%
2009Chris Johnson
94.7%
2015DeAngelo Williams\Adrian Peterson\Jeremy Hill\Devonta Freeman
94.7%
2006Chad Johnson
94.6%
2017Antonio Brown
94.4%
2015Adrian Peterson
94.2%
2015Julio Jones
92.6%
2013Jamaal Charles\Marshawn Lynch
92.4%
2014Andrew Luck
92.3%
2010Philip Rivers
91.8%
2009Randy Moss\Larry Fitzgerald\Vernon Davis
91.5%
2014Marshawn Lynch
91.3%
2017Chandler Jones
91.1%
2012James Jones
90.3%
2011LeSean McCoy
90.2%
2013LeSean McCoy
90.2%
2014Antonio Brown
89.8%
2005Steve Smith\Marvin Harrison
89.8%
2010Arian Foster
89.1%
Year Answer % Correct
2010Arian Foster
89.1%
2012Arian Foster
89.1%
2000Randy Moss
89.1%
2003Randy Moss
89.1%
2007Randy Moss
89.1%
2004LaDainian Tomlinson
88.8%
2006LaDainian Tomlinson
88.8%
2006LaDainian Tomlinson
88.8%
2007LaDainian Tomlinson
88.8%
2007LaDainian Tomlinson
88.8%
2015JJ Watt
88%
2017Todd Gurley
87.6%
2014Dez Bryant
87.4%
2015Marcus Peters\Reggie Nelson
86.8%
2005Steve Smith
86.6%
2016Jordy Nelson
86.3%
2016Ezekiel Elliott
86.1%
2003Brett Favre
86.1%
2014DeMarco Murray
85.7%
2001Kurt Warner
85.4%
2001Kurt Warner
85.4%
2012JJ Watt
84%
2008DeAngelo Williams
83.6%
2002Ricky Williams
83.5%
2016LeGarrette Blount
83.4%
2017Kareem Hunt
83.4%
2017DeAndre Hopkins
82.8%
2011Maurice Jones-Drew
82.3%
2015Brandon Marshall\Doug Baldwin\Allen Robinson
82.1%
2009Matt Schaub
82.1%
2001Shaun Alexander
81.8%
2005Shaun Alexander
81.8%
2005Shaun Alexander
81.8%
2016T.Y. Hilton
81.3%
2013Josh Gordon
81.2%
2002Marvin Harrison
81%
2013Jimmy Graham
80.7%
2013Richard Sherman
80.3%
2007Reggie Wayne
80.1%
2011Rob Gronkowski
79.1%
2004Daunte Culpepper
77.5%
2003Jamal Lewis
77.4%
2005Carson Palmer
77.1%
2010Sebastian Janikowski\Josh Brown
75.4%
2000Marshall Faulk
75.3%
2000Torry Holt
74.5%
2003Torry Holt
74.5%
2001Priest Holmes
74.4%
2002Priest Holmes
74.4%
2003Priest Holmes
74.4%
2001Terrell Owens
74%
2002Terrell Owens
74%
2006Terrell Owens
74%
Year Answer % Correct
2014Stephen Gostkowski
73.4%
2013Stephen Gostkowski\Justin Tucker
73.3%
2004Ed Reed
72.8%
2008Ed Reed
72.8%
2010Ed Reed
72.8%
2000Edgerrin James
72.3%
2002Rich Gannon
72.1%
2008DeMarcus Ware
72.1%
2010DeMarcus Ware
72.1%
2009Jairus Byrd\Asante Samuel\Darren Sharper\Charles Woodson
71%
2007Jared Allen
69.4%
2011Jared Allen
69.4%
2011Kyle Arrington\Eric Weddle\Charles Woodson
69.2%
2010Dwyane Bowe
68.1%
2004Curtis Martin
66.9%
2002Brian Kelly\Rod Woodson
64.9%
2008Stephen Gostkowski
63.6%
2004Dwight Freeney
60.4%
2001Michael Strahan
59.7%
2014Justin Houston
58.9%
2013Robert Mathis
54.9%
2002Jason Taylor
54.7%
2003Jason Taylor
54.7%
2017Kevin Byard\Darius SlayKevin Byard
54.1%
2009Nate Kaeding\David Akers
53.2%
2011David Akers
51.8%
2004Adam Vinatieri
50.4%
2006Champ Bailey\Asante Samuel
48.8%
2016Vic Beasley Jr.
47.9%
2004Muhsin Muhammad
45.2%
2004Muhsin Muhammad
45.2%
2012Blair Walsh
43.5%
2006Jeff Wilkins\Robbie Gould
42.6%
2001Ronde Barber\Anthony Henry
38.2%
2007Rob Bironas
35.6%
2012Tim Jennings
34.9%
2006Shawne Merriman
34.3%
2001David Boston
30%
2010Brandon Lloyd
29.4%
2016Casey Hayward
29.2%
2009Elvis Dumervil
28.8%
2001Jason Elam
28.1%
2000Darren Sharper
27.9%
2007Antonio Cromartie
27.7%
2003Jeff Wilkins`
21.2%
2014Glover Quin
20.4%
2005Ty Law\Deltha O'Neal
19.5%
2000Matt Stover
16.7%
2002Jay Feely
14.6%
2005Neil Rackers
12.5%
2000La'Roi Glover
6.1%
2005Derrick Burgess
4.2%
2003Brian Russell\Tony Parrish
4%

You're not logged in!

Compare scores with friends on all Sporcle quizzes.
Join for Free
OR
Log In

You Might Also Like...

Show Comments

Extras

Top Quizzes Today


Score Distribution

Your Account Isn't Verified!

In order to create a playlist on Sporcle, you need to verify the email address you used during registration. Go to your Sporcle Settings to finish the process.

Report this User

Report this user for behavior that violates our Community Guidelines.

Details: